| 000 | 00716nam a2200145 i 4500 | ||
|---|---|---|---|
| 001 | 96177 | ||
| 003 | ES-MaACL | ||
| 005 | 20230906181847.0 | ||
| 008 | 050613s1907 sp |||| | spa d | ||
| 100 | 1 |
_aMaestre, Gabriel. _975390 |
|
| 245 | 1 | 0 |
_aAlegación en derecho presentada por la Sociedad Española de Electricidad Alioth ... en el pleito promovido por la misma contra D. Abundio de Burgos y Díaz sobre cumplimiento de contrato privado de reconocimiento de deuda y pago del precio de compraventa de una instalación de central eléctrica en Lucena (Córdoba) / _cGabriel Maestre. |
| 260 |
_aMadrid : _b[s.n.], _c1907. |
||
| 710 | 2 |
_aSociedad Española de Electricidad. _96719 |
|
| 852 |
_aES-MaACL _jT-1185 bis-F-2 |
||
| 999 |
_c96177 _d96177 |
||